000 00505nam a2200193 a 4500
001 1767946523383
003 YourLibrary
005 20260110115632.0
008 260109s2010##################000#0#eng##
020 _a9780230217959
082 0 4 _a302
_bHOD
100 1 _aHodgetts, Darrin,
_eauthor.
245 1 0 _aSocial Psychology and Everyday Life :
260 _bRed Globe Press,
_c2010.
300 _a500 pages
650 0 _aPsychology.
942 _cENGLISH
040 _aYourLibrary
_beng
_cYourLibrary
999 _c608016
_d608016